• 首页
  • 本馆介绍
  • 公告通知
  • 最新文献
  • 馆藏检索
  • 电子资源
  • 读者导购
  • 参考咨询
  • 我的图书馆
  • 登录
  • 详细信息显示
  • 放入我的书架
  • 预约/预借图书
  • 作者相关作品
  • 分类相关作品
  • 丛书相关作品
  • 出版社相关作品

书目信息

  • 表格格式
  • 工作单格式
  • 卡片格式
题名:
中国盆景赏石
    
 
作者: ;中国盆景艺术家协会 主编
分册:  
出版信息: 北京   中国发展出版社  2015
页数: 273页
开本: 30cm
丛书名:
单 册:
中图分类: S688.1-64 , TS933.21-64
科图分类:
主题词: 盆景--观赏园艺--中国--图集 , 观赏型--石--中国--图集
电子资源:
ISBN: 978-7-5177-0095-1
000 01240nam0 2200277 450
001 012001002180
005 20131109195155.0
010    @a978-7-5177-0095-1@dCNY588.00
100    @a20181129d2015 em y0chiy50 ea
101 0  @achi@aeng
102    @aCN@b110000
105    @aa z 000yy
106    @ar
200 1  @a中国盆景赏石@Azhong guo pen jing shang shi@e中国尊·2014(余姚)中国盆景收藏家藏品国家大展特别专辑@dSpecial issue of China zun@e2014(Yuyao)China national penjing collectors' collection exhibition@f中国盆景艺术家协会主编@zeng
210    @a北京@c中国发展出版社@d2015
215    @a273页@d30cm
304    @a本书无题名页,200字段信息依据封面著录
510 1  @aSpecial issue of China zun@e2014(Yuyao)China national penjing collectors' collection exhibition@zeng
517 1  @a中国尊·2014(余姚)中国盆景收藏家藏品国家大展特别专辑@Azhong guo zun ·2014( yu yao ) zhong guo pen jing shou cang jia cang pin guo jia da zhan te bie zhuan ji
606 0  @a盆景@x观赏园艺@y中国@j图集
606 0  @a观赏型@x石@y中国@j图集
690    @aS688.1-64@v5
690    @aTS933.21-64@v5
711 02 @a中国盆景艺术家协会@Azhong guo pen jing yi shu jia xie hui@4主编
801  0 @aCN@b北京卓展@c20191020
905    @b1199753-6@dS688.1-64@e569@f4
    
    中国盆景赏石:中国尊·2014(余姚)中国盆景收藏家藏品国家大展特别专辑=Special issue of China zun:2014(Yuyao)China national penjing collectors' collection exhibition/中国盆景艺术家协会主编.-北京:中国发展出版社,2015
    273页;30cm
    
    
    ISBN 978-7-5177-0095-1:CNY588.00
    
●
相关链接 在E读中查询图书 在五车中查询图书 在当当中查询图书 在豆瓣中查询图书


正题名:中国盆景赏石     索取号:S688.1-64/569         预约/预借

序号 登录号 条形码 馆藏地/架位号 状态 备注
1 1199753   211997534   第二样本阅览室/ [索取号:S688.1-64/569] 在馆    
2 1199754   211997543   第三借阅区/ [索取号:S688.1-64/569] 在馆    
3 1199755   211997552   第三借阅区/ [索取号:S688.1-64/569] 在馆    
4 1199756   211997561   第三借阅区/ [索取号:S688.1-64/569] 在馆    
唐山师范学院图书馆 欢迎您!
大连网信软件有限公司© 版权所有